Online
Catalog

Managing personal finance / (Record no. 11436)

MARC details
000 -CABECERA
campo de control de longitud fija 00747nam a2200241 i 4500
001 - NÚMERO DE CONTROL
campo de control 000011762
005 - FECHA Y HORA DE LA ÚLTIMA TRANSACCIÓN
campo de control 20260205101807.0
008 - DATOS DE LONGITUD FIJA--INFORMACIÓN GENERAL
campo de control de longitud fija 790424s1979 txua b 001 0 eng
010 ## - NÚMERO DE CONTROL DE LA BIBLIOTECA DEL CONGRESO
Número de control de LC 78070014
020 ## - NÚMERO INTERNACIONAL ESTÁNDAR DEL LIBRO
Número Internacional Estándar del Libro 0256022089
040 ## - FUENTE DE LA CATALOGACIÓN
Centro catalogador/agencia de origen DO-SdBNP
Centro/agencia transcriptor DLC
Centro/agencia modificador DLC
082 ## - NÚMERO DE LA CLASIFICACIÓN DECIMAL DEWEY
Número de clasificación 332.024
Número de documento/Ítem U36m
049 ## - FONDOS LOCALES (OCLC)
Fondos de biblioteca BNGR
100 1# - ENTRADA PRINCIPAL--NOMBRE DE PERSONA
Nombre de persona Ulbrich, Holley H.
9 (RLIN) 27819
245 10 - MENCIÓN DE TÍTULO
Título Managing personal finance /
Mención de responsabilidad, etc. Holley H. Ulbrich, T. Bruce Yandle, Jr.
260 ## - PUBLICACIÓN, DISTRIBUCIÓN, ETC.
Lugar de publicación, distribución, etc. Dallas :
Nombre del editor, distribuidor, etc. Business Publications,
Fecha de publicación, distribución, etc. 1979.
300 ## - DESCRIPCIÓN FÍSICA
Extensión xiv, 407 p. :
Otras características físicas ill. ;
Dimensiones 28 cm.
504 ## - NOTA DE BIBLIOGRAFÍA, ETC.
Nota de bibliografía, etc. Includes bibliographies and index.
650 #4 - PUNTO DE ACCESO ADICIONAL DE MATERIA--TÉRMINO DE MATERIA
Término de materia o nombre geográfico como elemento de entrada Hacienda privada
9 (RLIN) 27820
650 #0 - PUNTO DE ACCESO ADICIONAL DE MATERIA--TÉRMINO DE MATERIA
Término de materia o nombre geográfico como elemento de entrada Negocios
9 (RLIN) 27821
700 1# - PUNTO DE ACCESO ADICIONAL--NOMBRE DE PERSONA
Nombre de persona Yandle, Bruce,
Término indicativo de función/relación joint author.
9 (RLIN) 27822
910 ## - DATOS DE OPCIÓN DEL USUARIO (OCLC)
Datos de opción del usuario Catalogación por copia / LC
Holdings
Estado de retiro Estado de pérdida Restricciones de uso No para préstamo Código de colección Localización permanente Ubicación/localización actual Ubicación en estantería Fecha de adquisición Número de inventario Total de préstamos Signatura topográfica completa Código de barras Fecha visto por última vez Precio válido a partir de Tipo de ítem Koha Número de copia
    Préstamo interno   Monografías: Libros y Folletos General General En catalogación 27.10.2009 LF1   332.024 U36m 11762-10 25.06.2020 25.06.2020 Préstamo interno  
    Préstamo restringido Préstamo restrigido Monografías: Libros y Folletos General General En catalogación 27.10.2009 LF1   332.024 U36m 11762-20 25.06.2020 25.06.2020 Préstamo interno e.2

Powered by Koha